000 00419 a2200157 4500
999 _c6622
_d6622
020 _a00000
050 _aPL8842.23 1990
100 _aSibanda, J.G.
245 _aInyathelo 2:
_bUgwalo 1 /
_cJ.G. Sibanda lo I.N. Mpofu
264 _aHarare:
_bLongman;
_c1990
300 _a32p. ;
_bill. (col.)
500 _aNdebele
650 _aNdebele children literature
700 _aMpofu, I.N.
942 _2lcc
_cBK
_h8842.23
_iSIB
_kPL